000 00284nam a2200121Ia 4500
008 191201s2014 xx 000 0 und d
100 _aPUNMIA, B.C
245 0 _aWater Supply Engineering
260 _aN. Delhi
_bLaxmi
_c2014
300 _a584
650 _aB.Tech(CE)
942 _2ddc
_cBK
999 _c6173
_d6173